000 01142naa a22002897a 4500
001 BR7100342
003 BR-BrBNA
005 20240918173421.0
007 ta
008 230509b bl.||||| |||| 00| 0 por d
040 _aBR-BrBNA
_bpor
_cBiblioteca Nacional de Agricultura
041 _a(Pt)
072 _aF00
_b1410
_bG514
090 _aF00 BR7100342
100 1 _aAlmeida, J.E.S.R. de
111 1 _a1. Simposio Brasileiro de Feijao
_cCampinas, SP (Brazil)
_d22 Aug 1971
245 1 _aSub- regiao agricola de Araraquara. Relatorio sobre a cultura do feijao [Sao Paulo; Brasil]
260 3 _aSao Paulo, SP (Brasil):
_c1971.
500 _a1. Simposio Brasileiro de Feijao. Secao A - Aspectos gerais da producao de feijao no Brasil Sao Paulo, SP (Brasil): 1971. p. 160-162 (BR7100342-AM)F00
650 _aProducao vegetal
650 _aFeijao
650 _aPratica cultural
650 _aSao Paulo
773 0 _t1. Simposio Brasileiro de Feijao. Secao A - Aspectos gerais da producao de feijao no Brasil
_b
_wF00 BR7100342
_gSao Paulo, SP (Brasil), 1971. p. 160-162
909 _a202404
_bLucia
_c55
_dLucia Elande
942 _cAM
_2AGRIS
999 _c304491
_d304491